Lankeeya cinamawe sakman maluwa (Record no. 5166)
[ view plain ]
| 000 -LEADER | |
|---|---|
| fixed length control field | 00405nam a2200157Ia 4500 |
| 005 - DATE AND TIME OF LATEST TRANSACTION | |
| control field | 20250701172411.0 |
| 008 - FIXED-LENGTH DATA ELEMENTS--GENERAL INFORMATION | |
| fixed length control field | 240331s9999 xx 000 0 und d |
| 020 ## - INTERNATIONAL STANDARD BOOK NUMBER | |
| ISBN | 955898700X |
| 082 ## - DDC Classification | |
| Item Number - Author Mark | GAL |
| Class No. | 800 |
| 100 ## - MAIN ENTRY--PERSONAL NAME | |
| Personal name | Galappaththi,A |
| 245 #0 - TITLE STATEMENT | |
| Title | Lankeeya cinamawe sakman maluwa |
| 260 ## - PUBLICATION, DISTRIBUTION, ETC. | |
| Place of publication, distribution, etc. | Colombo |
| Name of publisher, distributor, etc. | Ceylon Theatres Company Limited |
| Date of publication, distribution, etc. | 2003 |
| 300 ## - PHYSICAL DESCRIPTION | |
| Extent (e.g. Volumes, Pages etc.) | 94 p ., |
| 650 ## - SUBJECT ADDED ENTRY--TOPICAL TERM | |
| Topical term or geographic name entry element | Sri Lankan Cinema |
| 942 ## - Koha item type (Biblio) | |
| Koha item type | Books in Stacks (Lending) |
| Lost status | Damaged status | Collection code | Home library | Current library | Shelving location | Date acquired | Full call number | Accession Number | Item type |
|---|---|---|---|---|---|---|---|---|---|
| Lending | WERC Library | WERC Library | Social Science Cupboard | 03/31/2024 | 800 GAL | 4895 | Books in Stacks (Lending) |
